000 00341nam a22001337a 4500
008 180302b xxu||||| |||| 00| 0 eng d
020 _a9780205319152
041 _aeng
080 _a61
100 _a4
101 _aSHM
245 _aPlanning, implementing, and evaluating health promotion programs a primer
_cKenzie,J.F
942 _2udc
_cBK
999 _c44088
_d44088